| 000 | 01338nam0a2200349 4500 | ||
|---|---|---|---|
| 001 | RU\NLR\BIBL_A\011738633 | ||
| 005 | 20190124114855.0 | ||
| 010 |
_a978-5-00117-480-6 _94000 |
||
| 021 |
_aRU _bКН-П-18-037591 _9КН-П-18-2714 |
||
| 021 |
_aRU _bКН-П-18-098891 _9КН-П-18-7180 |
||
| 035 | _a(NLR Aleph) 011738633 | ||
| 035 | _a(RuMoRGB)009842979 | ||
| 035 | _a(RuMoRGB)009642792 | ||
| 090 |
_a11566521 _c11566521 |
||
| 100 | _a20180627d2018 b y0rusy50 ca | ||
| 101 | 1 |
_arus _ceng |
|
| 102 | _aRU | ||
| 105 | _aa z 000ay | ||
| 200 | 1 |
_aМаленькие балерины _e[для чтения взрослыми детям] _fГрейс Маккэрон _gиллюстрации Кристины Давенье _gперевод [с английского] Марины Бородицкой |
|
| 210 |
_aМосква _cМанн, Иванов и Фербер _d2018 |
||
| 215 |
_a[41] с. _cцв. ил. _d26 |
||
| 333 | _a0+ | ||
| 686 | 0 | _aШ9(7США)60-4 | |
| 700 | 1 |
_7ca _8rus _aМаккэрон _bГ. _gГрейс _9192167 _3RU\NLR\AUTH\770192218 |
|
| 702 | 1 |
_aДавенье _bК. _gКристина _4440 |
|
| 942 | _cBOOK | ||
| 980 | _aNBR | ||
| 980 | _aNB | ||